The development of operational thinking in elementary school children : an examination of some aspects of Piaget's theory among urban Liberian children /

Bibliographic Details
Main Author: Buchanan, Elizabeth Joyce
Format: Thesis Microform Book
Language:English
Published: [Place of publication not identified] : [publisher not identified] ; 1979.
Subjects:

MARC

Tag First Indicator Second Indicator Subfields
LEADER 00000cam a2200000 a 4500
001 in00000381221
005 20151011123848.0
007 hd af----b---
008 860307r19801979miua ab 00010 eng d
035 |a (OCoLC)13253882 
035 |9 ABS5699AM 
040 |a TXA  |c TXA  |d UtOrBLW 
043 |a f-lb--- 
049 |a TXAI 
099 |a film  |a B  |a 2717 
100 1 |a Buchanan, Elizabeth Joyce. 
245 1 4 |a The development of operational thinking in elementary school children :  |b an examination of some aspects of Piaget's theory among urban Liberian children /  |c by Elizabeth Joyce Buchanan. 
264 1 |a [Place of publication not identified] :  |b [publisher not identified] ;  |c 1979. 
300 |a xi, 223 leaves :  |b illustrations 
336 |a text  |b txt  |2 rdacontent 
337 |a microform  |b h  |2 rdamedia 
338 |a microfilm reel  |b hd  |2 rdacarrier 
502 |b Ph. D.  |c Columbia University  |d 1979. 
504 |a Bibliography: leaves 89-96. 
533 |a Microfilm.  |b Ann Arbor, Mich. :  |c University Microfilms International,  |d 1980.  |e 1 microfilm reel ; 35 mm. 
500 |a Microform. 
600 1 0 |a Piaget, Jean,  |d 1896-1980. 
650 0 |a Child development  |z Liberia. 
999 |a MARS 
999 f f |s e3a15494-6647-338b-8f28-885642c7b3b2  |i bd2ab660-3b9e-3585-ac17-b28fe1441e32  |t 0 
952 f f |p default  |a Texas A&M University  |b College Station  |c Sterling C. Evans Library  |d Evans: Microforms (3rd floor)  |t 0  |e film B 2717  |h Other scheme  |i microform -- microfilm reel 
998 f f |a film B 2717  |t 0  |l Evans: Microforms (3rd floor)